|
|
|
|
| LEADER |
01201nam a2200301 a 4500 |
| 001 |
1019023 |
| 003 |
BD-DhAAL |
| 008 |
100216r19991998nyua b 001 0 eng d |
| 010 |
|
|
|a \\\88001365
|
| 020 |
|
|
|a 8120309723
|
| 020 |
|
|
|a 0023958103
|
| 040 |
|
|
|a DLC
|c DLC
|d DLC
|d BD-DhAAL
|
| 082 |
0 |
0 |
|a 338.5
|2 21
|
| 100 |
1 |
|
|a Pindyck, Robert S.
|9 3769
|
| 245 |
1 |
0 |
|a Microeconomics /
|c Robert S. Pindyck, Daniel L. Rubinfeld.
|
| 250 |
|
|
|a Third edition.
|
| 260 |
|
|
|a New York ;
|a New Delhi :
|b Prentice Hall,
|c 1998 [reprinted 1999].
|
| 300 |
|
|
|a xxiv, 699 pages :
|b ill.ustrations ;
|c 24 cm.
|
| 504 |
|
|
|a Includes bibliographical references and index.
|
| 541 |
1 |
|
|e 00011082
|
| 650 |
|
0 |
|a Microeconomics.
|
| 700 |
1 |
|
|a Rubinfeld, Daniel L.
|9 3770
|
| 740 |
0 |
|
|a Micro-economics.
|
| 852 |
4 |
|
|a Ayesha Abed Library
|j General Shelf
|
| 942 |
|
|
|2 ddc
|c BK
|
| 999 |
|
|
|c 7557
|d 7557
|
| 952 |
|
|
|0 0
|1 0
|2 ddc
|4 0
|6 338_500000000000000_PIN_1999
|7 0
|9 8192
|a BRACUL
|b BRACUL
|c GEN
|d 2010-02-16
|l 4
|m 14
|o 338.5 PIN
|p 3010011082
|r 2017-01-09
|s 2016-10-27
|t 1
|w 2010-02-16
|y BK
|
| 952 |
|
|
|0 0
|1 0
|2 ddc
|4 0
|6 338_500000000000000_PIN_1999
|7 0
|9 8340
|a BRACUL
|b BRACUL
|c GEN
|d 2010-02-22
|l 9
|m 67
|o 338.5 PIN
|p 3010011130
|r 2022-01-31
|s 2020-03-07
|t 2
|w 2010-02-22
|y BK
|